Los Angeles, Anaheim, or San Diego - Statistics

General Stats
  • This quiz has been taken 30 times
  • The average score is 13 of 16
Answer Stats
Question Answer % Correct
... is the most populous of the three. Los Angeles
100%
... is where the Hollywood Sign is located. Los Angeles
100%
... is on an international border. San Diego
100%
... has never been home to the National Football League's Chargers. Anaheim
94%
... is in Orange County. Anaheim
94%
... is where SeaWorld is located. San Diego
94%
... is home to Disneyland. Anaheim
89%
La Jolla is one of its neighborhoods. San Diego
89%
... does not touch the Pacific Ocean. Anaheim
83%
Venice is one of its neighborhoods. Los Angeles
83%
... is home to the headquarters of Qualcomm, Petco, and Jack in the Box. San Diego
72%
... contains most of the San Fernando Valley. Los Angeles
67%
... is the largest of the three by area (city proper). Los Angeles
61%
Its nicknames include "America's Finest City" and "Birthplace of California." San Diego
61%
... has never been where the National Football League's Rams played their home games. San Diego
56%
According to the 2020 U.S. Census, it has the highest percentage of residents who are Hispanic or Latino of the three. Anaheim
6%
No matching quizzes found
Score Distribution
Percent of People with Each Score
Percentile by Number Answered
Your Score History
You have not taken this quiz